| 000 | 00526nam a2200205Ia 4500 | ||
|---|---|---|---|
| 008 | 170203s9999 xx 000 0 und d | ||
| 020 | _a0-706992113 | ||
| 050 | _a30 | ||
| 050 | _b.H847 | ||
| 245 | _aHow? What? Why? My book of general knowledge / | ||
| 245 | _cillustrated by Girija Singh. | ||
| 260 | _aNew Delhi : | ||
| 260 | _bVikas Publishing House Pvt Ltd, | ||
| 300 | _a48 pages. : | ||
| 300 | _bcol. ill. ; | ||
| 300 | _c24 cm. | ||
| 440 | _vvol. 1 | ||
| 650 | _aIntellegence test. | ||
| 650 | _xTrivia | ||
| 999 |
_c305537 _d305537 |
||